| 000 | 00702nam a2200253Ia 4500 | ||
|---|---|---|---|
| 003 | OSt | ||
| 005 | 20220926022306.0 | ||
| 006 | a|||||r|||| 00| 0 | ||
| 007 | ta | ||
| 008 | 220923b |||||||| |||| 00| 0 eng d | ||
| 037 | _cGeneral Book | ||
| 040 |
_aRTL _cRTL _beng |
||
| 041 |
_2eng _aeng |
||
| 082 | _am1N45.N81, M1.3-4/UN | ||
| 110 | _aUNITED NATIONS. | ||
| 245 | 0 |
_aUNDOC _b Current index. |
|
| 260 |
_aNew York _bUnited Nations India _c1981 |
||
| 300 |
_axviii,124p. _ccm. |
||
| 490 | _vVol.18, no. 2 | ||
| 500 | _aDocuments and Publishers, Part-1. | ||
| 700 | _aUNITED NATIONS. | ||
| 942 |
_hm1N45.N81, M1.3-4/UN _cGB _2CC |
||
| 999 |
_c639121 _d639121 |
||